000 00708nam a2200229Ia 4500
003 GCL
008 140319s9999 xx 000 0 ara d
020 _a4422704977
040 _aGCL /
_cGCL
082 0 4 _a346.0482
_bط ج
100 1 _aطارق سرور
245 1 0 _aجرائم النشر والاعلام /
_cطارق سرور
250 _aالاولى
260 _aالقاهرة :
_bدار النهضة العربية ،
_c2004
300 _a761 ص ؛
_c24 سم
650 0 4 _aحرية الصحافة
650 0 4 _aحقوق التأليف والنشر
650 0 4 _aحرية التعبير
650 0 4 _aالصحف - الرقابة
650 0 4 _aجرائم الاعلام
942 _2ddc
_cBK
999 _c8609
_d8609